| 000 | 00932cam a2200277 4500 | ||
|---|---|---|---|
| 008 | 090401t1999 xxu||||| |||| 00| 0 eng d | ||
| 020 | _a1859788823 | ||
| 035 | _a(Sirsi) u90248 | ||
| 041 | _aeng | ||
| 050 | _a347.09 | ||
| 100 | _aHuleatt-James, Mark | ||
| 245 | _aInternational commercial arbitration : a handbook. | ||
| 250 | _a2nd ed. | ||
| 260 |
_aColchester _bLloyd`s of London Press Ltd _c1999 |
||
| 300 | _axx. 145p; 24cm. | ||
| 350 | _a60 | ||
| 650 | _aMANAGEMENT-DISPUTE AVOIDANCE, MANAGEMENT AND RESOLUTION-DISPUTE MANAGEMENT AND RESOLUTION-ARBITRATION | ||
| 650 | _aCOMMERCIAL ARBITRATION | ||
| 650 | _aCOMMERCIAL DISPUTE RESOLUTION | ||
| 650 | _aINTERNATIONAL ARBITRATION | ||
| 690 | _aMANAGEMENT-DISPUTE AVOIDANCE, MANAGEMENT AND RESOLUTION-DISPUTE MANAGEMENT AND RESOLUTION-ARBITRATION | ||
| 700 | _aGould, Nicholas | ||
| 710 |
_aLovell White Durrant _92782 |
||
| 942 | _n0 | ||
| 948 | _c10/12/1998 | ||
| 999 |
_c97543 _d97543 |
||